MENIERE'S DISEASE A CLINICO-AUDIOLOGICAL STUDY (Record no. 31348)

MARC details
000 -LEADER
fixed length control field 00426nam a22001697a 4500
003 - CONTROL NUMBER IDENTIFIER
control field SGT
020 ## - INTERNATIONAL STANDARD BOOK NUMBER
International Standard Book Number 9781639275694
082 ## - DEWEY DECIMAL CLASSIFICATION NUMBER
Classification number 617.882
Item number M22N
100 ## - MAIN ENTRY--PERSONAL NAME
Personal name NORTON, EMITY
245 ## - TITLE STATEMENT
Title MENIERE'S DISEASE A CLINICO-AUDIOLOGICAL STUDY
250 ## - EDITION STATEMENT
Edition statement 1ST
260 ## - PUBLICATION, DISTRIBUTION, ETC. (IMPRINT)
Place of publication, distribution, etc USA
Name of publisher, distributor, etc AMERICAN MEDICAL PUB
Year of Publication 2022
300 ## - PAGE DESCRIPTION
No. of Pages 209
650 ## - SUBJECT ADDED ENTRY--TOPICAL TERM
Topical term or geographic name as entry element AUDIOLOGY
653 ## - KEYWORDS--INDEX TERM
Keyword term MENIERE'S DISEASE A CLINICO-AUDIOLOGICAL STUDY
942 ## - ADDED ENTRY ELEMENTS (KOHA)
Source of classification or shelving scheme Dewey Decimal Classification
Koha item type Books
Holdings
Withdrawn status Lost status Source of classification or shelving scheme Damaged status Not for loan Collection code Home library Current library Shelving location Date acquired Vendor Name Cost, normal purchase price SGTU Bill Number Total Checkouts Full call number Accession No. (Barcode) Date last seen Bill Date Koha item type
    Dewey Decimal Classification   Not For Loan MEDICAL SGT Medical Library SGT Medical Library Reference Book 14/05/2025 ABC DELHI 12718.00 SGTU 21139   617.882 M22N FM15489 12/06/2025 14/05/2025 Books